000 00937cab a2200253 4500
001 ABS47337
008 090401t1992 xxu||||| |||| 00| 0 eng d
035 _a(Sirsi) u61658
041 _aeng
100 _aDavis, P.
245 _aNew protection for purchasers
260 _c1992
350 _a0
490 _aEstates Gazette
_v(9242) 24 October 1992, 76-78(3)
520 _aReviews the Timeshare Act 1992 which came into force on 12 October and which gives a purchaser of a timeshare covered by the Act a cancellation of `cooling-off` period of 14 days, considers which timeshares are covered by the Act, what protection the Act gives, timeshare credit agreements and EC proposals.
650 _aCOOLING OFF PERIOD
650 _aCREDIT AGREEMENTS
650 _aEC DIRECTIVES
650 _aTIMESHARE ACT 1992
650 _aTIMESHARE PROPERTY
690 _aPROPERTY LAW AND PRACTICE
942 _n0
948 _c04/03/1997
999 _c38242
_d38242